| 000 | 00618nam a2200181 i 4500 | ||
|---|---|---|---|
| 001 | 102206 | ||
| 003 | ES-MaACL | ||
| 005 | 20250829062532.0 | ||
| 007 | t| | ||
| 008 | 051107s1984 sp ||||1| spa d | ||
| 100 | 1 |
_aMenéndez Menéndez, Aurelio. _980305 |
|
| 245 | 1 | 0 |
_aDerecho mercantil II... / _cbajo la dirección de Dr. Aurelio Menéndez Menéndez. |
| 260 |
_aMadrid : _bUniversidad Nacional de Educación a Distancia, _c1984. |
||
| 300 |
_a2 v. ; _c30 cm. |
||
| 710 | 2 |
_aUniversidad Nacional de Educación a Distancia (España) _97405 |
|
| 852 |
_aES-MaACL _jL-6989-90 _bR.108014 |
||
| 999 |
_c102206 _d102206 |
||